| 000 -LEADER |
| fixed length control field |
00916nam a2200253Ia 4500 |
| 001 - CONTROL NUMBER |
| control field |
2145 |
| 003 - CONTROL NUMBER IDENTIFIER |
| control field |
GE_BSU |
| 005 - DATE AND TIME OF LATEST TRANSACTION |
| control field |
20221020141609.0 |
| 008 - FIXED-LENGTH DATA ELEMENTS--GENERAL INFORMATION |
| fixed length control field |
181216s1967ru xx |||||||||||||| ||rus|| |
| 040 ## - CATALOGING SOURCE |
| Transcribing agency |
GE_BSU |
| 041 ## - LANGUAGE CODE |
| Language code of text/sound track or separate title |
rus |
| 080 ## - UNIVERSAL DECIMAL CLASSIFICATION NUMBER |
| Universal Decimal Classification number |
1.09 Ф-36 |
| 100 ## - MAIN ENTRY--PERSONAL NAME |
| Personal name |
Фейербах, Людвиг. |
| 9 (RLIN) |
15385 |
| 245 ## - TITLE STATEMENT |
| Title |
История философии.Собрание произведений в 3-х томах. |
| Remainder of title |
т. 2. / |
| Statement of responsibility, etc. |
Людвиг Фейербах, Под общ.ред. М.М. Григорьяна. |
| 264 ## - PRODUCTION, PUBLICATION, DISTRIBUTION, MANUFACTURE, AND COPYRIGHT NOTICE |
| Place of production, publication, distribution, manufacture |
Москва : |
| Name of producer, publisher, distributor, manufacturer |
Мысль, |
| Date of production, publication, distribution, manufacture, or copyright notice |
1967. |
| 300 ## - PHYSICAL DESCRIPTION |
| Extent |
479 с. : |
| Other physical details |
21см. |
| 440 ## - SERIES STATEMENT/ADDED ENTRY--TITLE |
| Title |
Философское наследие |
| 9 (RLIN) |
15386 |
| 653 ## - INDEX TERM--UNCONTROLLED |
| keyword |
История философии. |
| 653 ## - INDEX TERM--UNCONTROLLED |
| keyword |
Философия |
| 653 ## - INDEX TERM--UNCONTROLLED |
| keyword |
ფილოსოფია |
| 700 ## - ADDED ENTRY--PERSONAL NAME |
| Personal name |
Григорьяна, М.М. |
| Relator term |
რედაქტორი |
| 9 (RLIN) |
15387 |
| 942 ## - ADDED ENTRY ELEMENTS (KOHA) |
| Koha item type |
წიგნი |
| Source of classification or shelving scheme |
|